| 000 | 00744nam a22002057a 4500 | ||
|---|---|---|---|
| 999 |
_c9301 _d9301 |
||
| 003 | AR-CdUCM | ||
| 008 | 190327b ||||| |||| 00| 0 spa d | ||
| 040 |
_aMUNICIPALIDAD PROVINCIAL DEL CUSCO _cBIBLIOTECA MUNICIPAL DEL CUSCO |
||
| 082 |
_a869.79 / _bR54 |
||
| 100 |
_aRichard, Pierre _925402 |
||
| 245 | _aBeaumarchis le mariage de figaro comedie I / | ||
| 260 |
_aFrancia : _bLarousse, |
||
| 300 |
_a102 paginas ; _c17 cm. |
||
| 505 | _aContenido : Résumé chronologique de la vie de beaumarchais -- Notice su le Mariage de figaro -- Préface -- Personnages -- Premier acte... | ||
| 650 |
_aLiteratura Francesa _9614 |
||
| 650 |
_aEnsayos europeos _925403 |
||
| 650 |
_aComedia francesa _925414 |
||
| 942 |
_2ddc _cLIBROS |
||
| 945 | _awnts | ||